000 00298nam a22001337a 4500
008 170203b xxu||||| |||| 00| 0 eng d
020 _a9780781730150
041 _aeng
080 _a61
100 _a3
101 _aSHM
245 _aCHILD AND ADOLEESCENT MENTAL HEALTH
_cKAYE .L
942 _2udc
_cBK
999 _c4385
_d4385